Depopulation v degrowth (Record no. 530434)

000 -LEADER
fixed length control field 00567nam a22001457a 4500
008 - FIXED-LENGTH DATA ELEMENTS--GENERAL INFORMATION
fixed length control field 250613b ||||| |||| 00| 0 eng d
100 ## - MAIN ENTRY--PERSONAL NAME
Personal name Mahapatra, Richard
245 ## - TITLE STATEMENT
Title Depopulation v degrowth
260 ## - PUBLICATION, DISTRIBUTION, ETC. (IMPRINT)
Place of publication, distribution, etc Down to Earth
300 ## - PHYSICAL DESCRIPTION
Extent 33(24),may 1-15, 25: p.58
520 ## - SUMMARY, ETC.
Summary, etc Many say population decline would harm the economy. Others suggest it would lower emission and increase per capita income - Reproduced
650 ## - SUBJECT ADDED ENTRY--TOPICAL TERM
Topical term or geographic name as entry element population, population management, biological diversity, depopulation, degrowth
9 (RLIN) 54377
942 ## - ADDED ENTRY ELEMENTS (KOHA)
Item type Articles
Holdings
Withdrawn status Lost status Source of classification or shelving scheme Damaged status Not for loan Permanent location Current location Date acquired Barcode Date last seen Koha item type
          Indian Institute of Public Administration Indian Institute of Public Administration 2025-06-13 AR136272 2025-06-13 Articles

Powered by Koha